000 00281 a2200121 4500
001 89166
082 _a808.83 TEH
090 _c42116
_d42116
100 _aTehmina Durrani
245 _aHappy things in sorrow times
260 _aLahore
_bFerozsons
_c2013
300 _a204 p.
_bhb
942 _aCAE NUST
_k808.83 TEH
999 _c324239
_d324239